PURCHASING : Principles and applications

Bibliographic Details
Other Authors: Farrell, Paul V, Heinritz, Stuart
Format: Book
Published: New Jersey : Prentice-Hall,Inc. , 1991
Edition:Eighth edition
Subjects:

MARC

LEADER 00000cam a2200000 7i4500
001 0000000143
002 000000198
005 20000330.0
020 |a 0137425864 
090 0 0 |a 658.72   |b PUR 
245 0 0 |a PURCHASING :   |b Principles and applications 
250 |a Eighth edition 
260 |a New Jersey :   |b Prentice-Hall,Inc. ,   |c 1991 
300 |a 580p :   |b ill ;   |c 23cm. 
650 0 0 |a Industrial procurement 
650 0 0 |a Purchasing 
700 0 |a Farrell, Paul V 
700 0 |a Heinritz, Stuart 
999 |a 027874   |b BUKU   |c PINJAMAN   |e PERPUSTAKAAN KOMUNITI PETALING JAYA